Countries by Emojis #2 - Statistics

General Stats
  • This quiz has been taken 4,125 times
    516 since last reset
  • The average score is 12 of 22
Answer Stats
Picture Answer % Correct
Australia
91%
China
91%
Israel
91%
Japan
87%
United States
87%
Romania
75%
Belgium
73%
Saudi Arabia
67%
Turkey
60%
India
57%
France
54%
Vatican City
52%
Monaco
49%
United Kingdom
42%
Finland
38%
Italy
36%
Germany
33%
Czechia
31%
Tanzania
25%
Norway
22%
Botswana
21%
The Bahamas
18%
No matching quizzes found
Score Distribution
Percent of People with Each Score
Percentile by Number Answered
Your Score History
You have not taken this quiz since the last reset